LEADER 01099nam0 2200325 450 001 000005075 005 20080205113905.0 010 $a88-217-1636-8 100 $a20031105d2002----km-y0itay50------ba 101 0 $aita 102 $aIT 200 1 $aManuale di finanza agevolata$eincentivi nazionali, programmi comunitari e fondi strutturali$f[di] C. Aprile, R.Aprile, G. Beghi ... [et al.]$ga cura di Marco Palumbo 205 $a2. ed. 210 $aMilano$cIpsoa$d2002c 215 $aXVI, 738 p.$d25 cm 225 2 $aManuali operativi 410 0$12001$aManuali operativi 610 1 $aImprese$aFinanziamenti$aGuide pratiche 610 1 $aCredito$aAgevolazioni$aGuide pratiche 676 $a343.450742 701 1$aAprile,$bCristina$0422586 701 1$aAprile,$bRoberto,$0630292 701 1$aBeghi,$bGiorgio$0529101 702 1$aPalumbo,$bMarco 801 0$aIT$bUNIPARTHENOPE$gRICA$2UNIMARC 912 $a000005075 951 $cNAVA1$a343-M/36$b36317$d20031105 951 $a343-M/36 (1)$b40304$cNAVA1$d2008 996 $aManuale di finanza agevolata$91205998 997 $aUNIPARTHENOPE LEADER 01640oam 2200313z- 450 001 9910157776803321 005 20230913112557.0 010 $a1-63216-687-9 035 $a(CKB)3710000001009728 035 $a(BIP)053454663 035 $a(BIP)055397047 035 $a(Exl-AI)993710000001009728 035 $a(EXLCZ)993710000001009728 100 $a20210505c2015uuuu -u- - 101 0 $aeng 200 10$aClashing Tempest 210 $cDSP Publications 215 $a1 online resource (360 p.) 311 08$a1-63216-686-0 330 8 $aMen of Myth: Book ThreeFinn de Morisco knows he is walking into a trap when he enters the Vampire Cathedral to rescue his sister Cynthia. Aided by Schwint and his other sister, Caitlin, he intends to free Cynthia and avoid enslavement. But when he confronts the master of the Voice that has tortured him, Finn faces a grim choice: compromise his soul or lose his family.For centuries members of the Chromis tribe have disappeared, and Brett Wright is on a quest to discover the fate of the captive mers and to stop the abductions. Despite the risk of tribal warfare, he embarks on a dangerous ocean journey to find other mer tribes experiencing the same plight. When destiny brings him back to land, Brett encounters new allies and old dangers while coming to grips with the past. 606 $aFantasy fiction$7Generated by AI 606 $aFolklore in literature$7Generated by AI 615 0$aFantasy fiction 615 0$aFolklore in literature 700 $aWitt$b Brandon$01435193 906 $aBOOK 912 $a9910157776803321 996 $aClashing Tempest$93592409 997 $aUNINA